| 000 | 00696nam a22002297a 4500 | ||
|---|---|---|---|
| 005 | 20170124110204.0 | ||
| 010 | _aA-597474 | ||
| 020 |
_c00.00 _a8170232864 |
||
| 035 | _aA-597474 | ||
| 037 | _bCen Lib/Ret | ||
| 040 |
_aDPL _bEN |
||
| 082 |
_aN _bAWA |
||
| 245 |
_aAwasthe : _cedited by Anna Sujatha Mathai; translated by Shantinath Desai _bthe condition / |
||
| 260 |
_aNew Delhi _bAllied Publishers _c1990 |
||
| 270 |
_a13/14, Asaf Ali Road _bNew Delhi _e110002 |
||
| 300 |
_a190p. _c21cm(Hb) |
||
| 650 |
_aEnglish Literature _9100118 |
||
| 650 |
_aEnglish Fiction _9100119 |
||
| 700 |
_aMatha, Anna Sujatha _936775 |
||
| 700 |
_aDesai, Shantinath _936776 |
||
| 942 |
_2ddc _cEN _hN _mAWA |
||
| 999 |
_c133088 _d133088 |
||